| 000 | 00823nam a22002177a 4500 | ||
|---|---|---|---|
| 999 |
_c175584 _d175584 |
||
| 005 | 20200930124323.0 | ||
| 010 | _aENG-128398 | ||
| 020 |
_c895.00 _a9789353940645 |
||
| 035 | _aEN-111930 | ||
| 037 | _bDBAD/PUB | ||
| 082 | _a519.502465 | ||
| 100 | _aStine, Robert A. | ||
| 245 |
_aBusiness for Statistics: Decision Making Analysis/ _cby Robert A. Stine and Dean Foster |
||
| 250 | _a3rd edition | ||
| 260 |
_aNoida _bPearson _c2020 |
||
| 270 |
_a15th floor,Tower-B,Word Trade Tower,Plot no.1,Block-C sec 16, _bNoida _e201301 _k04466540100 _mcompanysecretary.india@pearson.com |
||
| 300 |
_axxii; Various Pages. _c25cm(pbk) _billustrations, tables, graphs,pictures Appendics |
||
| 500 | _aIncludes Appendics, Subject Index and Tables | ||
| 700 | _aFoster, Dean | ||
| 942 |
_2ddc _cEN _h519.502465 _mSTI |
||